Neposlušna žena. Spoviď artysty

Bibliographic Details
Main Author: Hvozda, Mikuláš, 1926-2010 (Author)
Other Authors: Vico, Fedor, 1944- (Illustrator)
Format: Article
Language:Ukrainian
Subjects:

MARC

LEADER 00000nab a2200000 a 4500
001 vtls000556797
003 SK-MaSNL
005 20260304034218.0
008 180331c1995 xo 0 ukr
015 |a SNBRB19rr/mm-uuuuu 
035 |a CL0556935 
040 |a SNKBUCL  |b slo  |c SNKBUCL  |e AACR2 
041 0 |a ukr 
044 |a xo  |c SK 
080 |a 887.5 (437.6)-3=875  |2 1981 
100 1 |a Hvozda, Mikuláš,  |d 1926-2010  |4 aut  |9 182857 
245 1 0 |a Neposlušna žena. Spoviď artysty  |c Nykolaj Hvozda ; Ilustr. Fedor Vico 
650 0 7 |a humoristické poviedky  |2 snkbucl  |9 74226 
655 7 |a články z novín a časopisov  |2 snkbucl  |9 267496 
655 7 |a články z odboru literárna veda a krásna literatúra  |2 snkbucl  |9 770045 
700 1 |a Vico, Fedor,  |d 1944-  |4 ill  |9 108271 
773 0 |t Narodny novynky  |g Roč. 4, č. 26-27 (1995), s. 4 
773 0 |t [Príl.] Pozdravlinja rusyniv na 1995 rik  |g Roč. 1, č. 2 (1995), s. 2 
850 |a Slovenská národná knižnica v Martine  |a POA001 
852 |a SNK  |b KIS3GCP 
958 |a NX 
958 |a RK 
958 |a LX 
958 |a RN 
958 |a SK 
992 |a RBX 
999 |c 2651956  |d 2653886